000 00726nam a22001577a 4500
003 OSt
005 20151031161732.0
008 151031b xxu||||| |||| 00| 0 eng d
040 _cRUA
082 _aAGR CHU 2006 B032 Or.1
100 _93091
_aCHUCH, CHENDA.
245 _aTechnique of growing african marigold in the pot at crop staytion of royal university of agriculture, បច្ចេកទេសដាំដុះផ្កាស្បៃរឿងក្នុងផើង នៅស្ថានីយ៍ពិសោធន៍ដំណាំ នៃសាកលវិទ្យាល័យភូមិន្ទកសិកម្ម
260 _aPhnom Penh
_bRUA
_c2006
300 _axiii; 33p.
_bill.
_c29cm.
942 _2ddc
_cAGR
999 _c2881
_d2881